[Event "BRA-ch 88th"]
[Site "Recife"]
[Date "2022.12.20"]
[Round "8"]
[White "Guimaraes, Diogo Duarte"]
[Black "Molina, Roberto Junio Brito"]
[Result "0-1"]
[WhiteElo "2290"]
[BlackElo "2385"]
[PlyCount "72"]
[EventDate "2022.12.15"]
[EventType "swiss"]
[EventRounds "11"]
[EventCountry "BRA"]
[SourceTitle "CBM 212 Extra"]
[Source "ChessBase"]
[SourceDate "2023.03.31"]
[SourceVersion "1"]
[SourceVersionDate "2023.03.31"]
[SourceQuality "1"]

1. e4 c6 2. d4 d5 3. e5 Bf5 4. Nd2 e6 5. Nb3 Nd7 6. Be3 Ne7 7. Nf3 Bg6 8. Nh4 Nf5 9. Nxf5 Bxf5 10. Bd3 Bxd3 11. Qxd3 Be7 12. 0-0 Rc8 13. f4 g6 14. Rac1 0-0 15. f5 exf5 16. Bh6 Bg5 17. Bxf8 Bxc1 18. Ba3 Bh6 19. Re1 Bf8 20. Bxf8 Nxf8 21. Nc5 Qe7 22. Qa3 b6 23. Qa6 Rc7 24. Nd3 Ne6 25. c3 c5 26. Qa3 cxd4 27. Qxe7 Rxe7 28. Nb4 Rd7 29. cxd4 Nxd4 30. Rd1 Ne6 31. Rxd5 Rc7 32. Kf2 Kg7 33. Ke3 Rc4 34. a3 a5 35. Nd3 Rc2 36. Rb5 Nc7 0-1

[Event "BRA-ch 88th"]
[Site "Recife"]
[Date "2022.12.19"]
[Round "6"]
[White "Guimaraes, Diogo Duarte"]
[Black "Araujo, Jose Roberto"]
[Result "1-0"]
[WhiteElo "2290"]
[BlackElo "2037"]
[PlyCount "55"]
[EventDate "2022.12.15"]
[EventType "swiss"]
[EventRounds "11"]
[EventCountry "BRA"]
[SourceTitle "CBM 212 Extra"]
[Source "ChessBase"]
[SourceDate "2023.03.31"]
[SourceVersion "1"]
[SourceVersionDate "2023.03.31"]
[SourceQuality "1"]

1. e4 c5 2. Nf3 e6 3. d4 cxd4 4. Nxd4 a6 5. Bd3 Qc7 6. 0-0 Nf6 7. Qe2 d6 8. f4 Nbd7 9. Nc3 Be7 10. a4 b6 11. Bd2 Bb7 12. Rae1 Nc5 13. e5 Nfd7 14. Bc4 0-0 15. b4 d5 16. Ba2 Ne4 17. Nxe4 dxe4 18. c3 a5 19. Qg4 axb4 20. cxb4 Rxa4 21. Bxe6 Bc5 22. bxc5 Nxc5 23. Nb5 Qc6 24. Nc3 Nxe6 25. Nxa4 h5 26. Qg3 Qxa4 27. f5 Nc5 28. Bh6 1-0

[Event "BRA-ch 88th"]
[Site "Recife"]
[Date "2022.12.18"]
[Round "5"]
[White "Lima, Stefan Moisei Vieir"]
[Black "Guimaraes, Diogo Duarte"]
[Result "1/2-1/2"]
[WhiteElo "2076"]
[BlackElo "2290"]
[PlyCount "145"]
[EventDate "2022.12.15"]
[EventType "swiss"]
[EventRounds "11"]
[EventCountry "BRA"]
[SourceTitle "CBM 212 Extra"]
[Source "ChessBase"]
[SourceDate "2023.03.31"]
[SourceVersion "1"]
[SourceVersionDate "2023.03.31"]
[SourceQuality "1"]

1. d4 Nf6 2. c4 e6 3. Nf3 b6 4. a3 Bb7 5. Nc3 Be7 6. d5 0-0 7. e4 d6 8. Nd4 Re8 9. Bd3 exd5 10. cxd5 c6 11. dxc6 Nxc6 12. Nxc6 Bxc6 13. 0-0 d5 14. e5 Ne4 15. Bxe4 dxe4 16. Bf4 Qxd1 17. Raxd1 Rad8 18. Rc1 g5 19. Be3 Rd3 20. Ne2 Rc8 21. Nd4 Bd7 22. Rxc8+ Bxc8 23. Rc1 Bc5 24. Nc2 Bxe3 25. Nxe3 Be6 26. Kf1 Rb3 27. Rc2 Rb5 28. Ke2 Rxe5 29. b4 f5 30. h3 f4 31. Ng4 Bxg4+ 32. hxg4 a5 33. Rc8+ Kf7 34. Rb8 axb4 35. Rxb6 bxa3 36. Ra6 Rb5 37. Rxa3 Rb2+ 38. Kf1 Rb1+ 39. Ke2 Rb2+ 40. Kf1 Rb6 41. Ra5 h6 42. Re5 Re6 43. Rf5+ Kg6 44. Rf8 Re7 45. Rg8+ Kf6 46. Rh8 Kg7 47. Ra8 e3 48. Ra6 exf2 49. Kxf2 Re3 50. Ra7+ Kf6 51. Ra6+ Re6 52. Ra5 Rb6 53. Rc5 Rb2+ 54. Kf1 Rb1+ 55. Kf2 Rb2+ 56. Kf1 Rb6 57. Kf2 h5 58. gxh5 g4 59. h6 Rb2+ 60. Kf1 Rb1+ 61. Ke2 Rh1 62. Kf2 Rxh6 63. Rc6+ Kg5 64. Rc5+ Kh4 65. g3+ fxg3+ 66. Kg2 Rd6 67. Rc8 Rd2+ 68. Kg1 g2 69. Rc3 Ra2 70. Rb3 Re2 71. Ra3 g3 72. Ra4+ Kh3 73. Rh4+ 1/2-1/2

[Event "BRA-ch 88th"]
[Site "Recife"]
[Date "2022.12.17"]
[Round "3"]
[White "De Oliveira, Daniel Paiva"]
[Black "Guimaraes, Diogo Duarte"]
[Result "0-1"]
[WhiteElo "2063"]
[BlackElo "2290"]
[PlyCount "44"]
[EventDate "2022.12.15"]
[EventType "swiss"]
[EventRounds "11"]
[EventCountry "BRA"]
[SourceTitle "CBM 212 Extra"]
[Source "ChessBase"]
[SourceDate "2023.03.31"]
[SourceVersion "1"]
[SourceVersionDate "2023.03.31"]
[SourceQuality "1"]

1. c4 c6 2. Nc3 d5 3. cxd5 cxd5 4. d4 e5 5. dxe5 d4 6. Ne4 Qa5+ 7. Nd2 Nc6 8. Ngf3 Bg4 9. Qb3 0-0-0 10. g3 d3 11. Bg2 dxe2 12. h3 Be6 13. Qc2 Kb8 14. a3 Nb4 15. axb4 Qxa1 16. Ne4 Bxb4+ 17. Nc3 Bf5 18. Qxf5 Qxc1+ 19. Kxe2 Qxb2+ 20. Kf1 Qc1+ 21. Ke2 Qxc3 22. Rb1 Qc4+ 0-1

[Event "BRA-ch 88th"]
[Site "Recife"]
[Date "2022.12.15"]
[Round "1"]
[White "Parijos de Melo, Luiz Claudio"]
[Black "Guimaraes, Diogo Duarte"]
[Result "0-1"]
[WhiteElo "1753"]
[BlackElo "2290"]
[PlyCount "80"]
[EventDate "2022.12.15"]
[EventType "swiss"]
[EventRounds "11"]
[EventCountry "BRA"]
[SourceTitle "CBM 212 Extra"]
[Source "ChessBase"]
[SourceDate "2023.03.31"]
[SourceVersion "1"]
[SourceVersionDate "2023.03.31"]
[SourceQuality "1"]

1. e4 e5 2. Nf3 Nc6 3. Bb5 Nf6 4. d3 Bc5 5. c3 0-0 6. 0-0 d5 7. Qe2 dxe4 8. dxe4 Bd7 9. Bg5 Qe7 10. Nbd2 a6 11. Ba4 b5 12. Bb3 Nd8 13. a4 Ne6 14. Bxe6 Qxe6 15. b4 Bd6 16. axb5 axb5 17. Be3 h6 18. Ba7 Nh5 19. g3 Qg4 20. Kh1 f5 21. Ng1 Qg6 22. Ngf3 Bc6 23. Nh4 Qg5 24. Ng2 fxe4 25. Be3 Qg6 26. Nh4 Qf7 27. Qg4 Nf6 28. Qe2 Nd5 29. Rxa8 Rxa8 30. c4 Nc3 31. Qg4 Bd7 32. Qg6 Qxg6 33. Nxg6 bxc4 34. Nxc4 Bb5 35. Rc1 Bxc4 36. Rxc3 Ra1+ 37. Bc1 Bf7 38. Nh4 Bxb4 39. Rxc7 Ba3 40. Rc8+ Kh7 0-1

[Event "Rio de Janeiro Duchamp op 4th"]
[Site "Rio de Janeiro"]
[Date "2022.12.14"]
[Round "9"]
[White "Guimaraes, Diogo Duarte"]
[Black "Dos Santos, Haroldo Cunha Jr"]
[Result "1-0"]
[WhiteElo "2290"]
[BlackElo "2072"]
[PlyCount "47"]
[EventDate "2022.12.07"]
[EventType "swiss"]
[EventRounds "9"]
[EventCountry "BRA"]
[SourceTitle "EXT 2024"]
[Source "ChessBase"]
[SourceDate "2023.10.10"]
[SourceVersion "1"]
[SourceVersionDate "2023.10.10"]
[SourceQuality "1"]

1. e4 e5 2. Nf3 Nc6 3. Bc4 Bc5 4. d3 Nf6 5. c3 Qe7 6. a4 a6 7. Nbd2 d6 8. h3 0-0 9. 0-0 Be6 10. Re1 Ba7 11. Nf1 Rad8 12. Be3 Bb8 13. Bxe6 fxe6 14. Qb3 Na5 15. Qa3 Rde8 16. b4 Nc6 17. b5 Nd8 18. bxa6 bxa6 19. Rab1 Nf7 20. Rb7 Qd7 21. Rd1 Qc6 22. Rdb1 d5 23. Bc5 Nd6 24. Nxe5 1-0

[Event "Rio de Janeiro Duchamp op 4th"]
[Site "Rio de Janeiro"]
[Date "2022.12.11"]
[Round "6"]
[White "Alonso, Salvador"]
[Black "Guimaraes, Diogo Duarte"]
[Result "1-0"]
[WhiteElo "2471"]
[BlackElo "2290"]
[PlyCount "83"]
[EventDate "2022.12.07"]
[EventType "swiss"]
[EventRounds "9"]
[EventCountry "BRA"]
[SourceTitle "CBM 211 Extra"]
[Source "ChessBase"]
[SourceDate "2023.01.31"]
[SourceVersion "1"]
[SourceVersionDate "2023.01.31"]
[SourceQuality "1"]

1. e4 e5 2. Nf3 Nf6 3. Nxe5 d6 4. Nf3 Nxe4 5. d4 d5 6. Bd3 Bd6 7. 0-0 0-0 8. c4 c6 9. cxd5 cxd5 10. Nc3 Nxc3 11. bxc3 Nd7 12. Re1 Qc7 13. Bg5 h6 14. Bh4 b6 15. Rc1 Bb7 16. c4 Bf4 17. Rc2 Rfe8 18. Rxe8+ Rxe8 19. g3 dxc4 20. Rxc4 Qd6 21. gxf4 b5 22. Rc3 Qxf4 23. Bxb5 Qg4+ 24. Bg3 Re7 25. Be2 Qh3 26. d5 Nf6 27. d6 Rd7 28. Rc7 Rxc7 29. dxc7 Nd5 30. Qb3 Nb6 31. Qe3 Qd7 32. Qd4 Qe6 33. Qd8+ Kh7 34. Qd3+ Be4 35. Qe3 Qd5 36. Nd2 Bf5 37. Bf3 Qxa2 38. Be4 Qe6 39. Bxf5+ Qxf5 40. Qe4 Kg6 41. Qxf5+ Kxf5 42. Nc4 1-0

[Event "Rio de Janeiro Duchamp op 4th"]
[Site "Rio de Janeiro"]
[Date "2022.12.10"]
[Round "4"]
[White "Galego, Luis"]
[Black "Guimaraes, Diogo Duarte"]
[Result "1/2-1/2"]
[WhiteElo "2471"]
[BlackElo "2290"]
[PlyCount "32"]
[EventDate "2022.12.07"]
[EventType "swiss"]
[EventRounds "9"]
[EventCountry "BRA"]
[SourceTitle "CBM 211 Extra"]
[Source "ChessBase"]
[SourceDate "2023.01.31"]
[SourceVersion "1"]
[SourceVersionDate "2023.01.31"]
[SourceQuality "1"]

1. d4 d5 2. Nf3 Nf6 3. c4 c6 4. e3 e6 5. Nc3 Nbd7 6. a3 Bd6 7. Qc2 0-0 8. Bd2 Qe7 9. cxd5 exd5 10. g3 Re8 11. Nh4 g6 12. Bg2 Ne4 13. 0-0 Ndf6 14. Rae1 g5 15. Nf3 Bf5 16. Qd1 Qe6 1/2-1/2

[Event "Rio de Janeiro Duchamp op 4th"]
[Site "Rio de Janeiro"]
[Date "2022.12.09"]
[Round "3"]
[White "Guimaraes, Diogo Duarte"]
[Black "Brizzi, Milagros Tatiana"]
[Result "1-0"]
[WhiteElo "2290"]
[BlackElo "2028"]
[PlyCount "75"]
[EventDate "2022.12.07"]
[EventType "swiss"]
[EventRounds "9"]
[EventCountry "BRA"]
[SourceTitle "CBM 211 Extra"]
[Source "ChessBase"]
[SourceDate "2023.01.31"]
[SourceVersion "1"]
[SourceVersionDate "2023.01.31"]
[SourceQuality "1"]

1. e4 c6 2. Nc3 d5 3. Nf3 Bg4 4. d4 e6 5. Bd3 dxe4 6. Nxe4 Be7 7. c3 Nf6 8. Ng3 Nh5 9. Qb3 Bxf3 10. gxf3 Nxg3 11. hxg3 Qb6 12. Qc2 Nd7 13. Rxh7 Rxh7 14. Bxh7 0-0-0 15. Bd3 Rh8 16. Be3 Rh1+ 17. Bf1 Qb5 18. Qe2 Qd5 19. a3 Qb3 20. Rc1 Bd6 21. c4 e5 22. Qc2 Qa2 23. Kd2 g6 24. c5 exd4 25. Bc4 dxe3+ 26. Kxe3 Bxc5+ 27. Ke2 Rh2 28. Bxa2 Rxf2+ 29. Kd1 Rf1+ 30. Ke2 Rf2+ 31. Ke1 Ne5 32. Qxf2 Bxf2+ 33. Kxf2 Nd3+ 34. Ke3 Nxc1 35. Bxf7 Kd7 36. Kd2 Ke7 37. Bg8 Kf8 38. Bc4 1-0

[Event "Florianopolis op 8th"]
[Site "Florianopolis"]
[Date "2022.01.26"]
[Round "4"]
[White "Bachmann, Axel"]
[Black "Guimaraes, Diogo Duarte"]
[Result "1-0"]
[WhiteElo "2594"]
[BlackElo "2273"]
[PlyCount "51"]
[EventDate "2022.01.24"]
[EventType "swiss"]
[EventRounds "10"]
[EventCountry "BRA"]
[SourceTitle "CBM 206 Extra"]
[Source "ChessBase"]
[SourceDate "2022.03.31"]
[SourceVersion "1"]
[SourceVersionDate "2022.03.31"]
[SourceQuality "1"]

1. c4 c6 2. d4 d5 3. cxd5 cxd5 4. Bg5 Nc6 5. Nc3 Bf5 6. e3 Qd7 7. Nf3 e6 8. Rc1 h6 9. Bf4 Bd6 10. Bxd6 Qxd6 11. Qb3 Nge7 12. Qxb7 0-0 13. Qa6 Rfb8 14. Bb5 Qb4 15. Bxc6 Nxc6 16. 0-0 Rb6 17. Qa4 Qxb2 18. Nxd5 exd5 19. Rxc6 Rb4 20. Qa6 Bd7 21. Rc7 Bb5 22. Qb7 Bxf1 23. Qxa8+ Kh7 24. h3 Qb1 25. Nd2 Qd3 26. Qxd5 1-0

[Event "Florianopolis op 8th"]
[Site "Florianopolis"]
[Date "2022.01.25"]
[Round "3"]
[White "Guimaraes, Diogo Duarte"]
[Black "Peroza, Eduardo Antunes"]
[Result "1-0"]
[WhiteElo "2273"]
[BlackElo "2009"]
[PlyCount "113"]
[EventDate "2022.01.24"]
[EventType "swiss"]
[EventRounds "10"]
[EventCountry "BRA"]
[SourceTitle "CBM 206 Extra"]
[Source "ChessBase"]
[SourceDate "2022.03.31"]
[SourceVersion "1"]
[SourceVersionDate "2022.03.31"]
[SourceQuality "1"]

1. e4 c5 2. Nf3 Nc6 3. d4 cxd4 4. Nxd4 Nf6 5. Nc3 e5 6. Ndb5 d6 7. Bg5 a6 8. Na3 b5 9. Nd5 Be7 10. Bxf6 Bxf6 11. c3 Bg5 12. Nc2 Be6 13. a4 Rb8 14. Ncb4 Bxd5 15. Nxd5 0-0 16. h4 Bh6 17. axb5 axb5 18. Ra6 Ne7 19. Nxe7+ Qxe7 20. Qxd6 Qb7 21. Qc6 Qxc6 22. Rxc6 Ra8 23. Rd6 Ra1+ 24. Rd1 Rfa8 25. Ke2 Bc1 26. b3 g6 27. Kf3 Bb2 28. Bxb5 Bxc3 29. Rxa1 Bxa1 30. Ba4 Bd4 31. Rc1 Ra7 32. g4 f5 33. gxf5 gxf5 34. exf5 Rf7 35. Ke4 Bxf2 36. h5 Kg7 37. Kxe5 Bg3+ 38. Ke4 Kf6 39. Rc8 Bc7 40. Re8 Kg5 41. b4 Kxh5 42. Rg8 Re7+ 43. Kd5 Bf4 44. f6 Re5+ 45. Kd4 Rf5 46. f7 Bd6 47. Be8 Kh6 48. b5 Rf1 49. Kd5 Ba3 50. b6 Rd1+ 51. Kc6 Rf1 52. b7 Rc1+ 53. Kb6 Bc5+ 54. Kb5 Bd6 55. b8Q Rb1+ 56. Kc6 Rxb8 57. Kxd6 1-0

[Event "BRA-ch 87th"]
[Site "Cuiaba"]
[Date "2021.11.02"]
[Round "9"]
[White "Silva, Lucas Henrique Da"]
[Black "Guimaraes, Diogo Duarte"]
[Result "1-0"]
[WhiteElo "2158"]
[BlackElo "2264"]
[PlyCount "77"]
[EventDate "2021.10.28"]
[EventType "swiss"]
[EventRounds "11"]
[EventCountry "BRA"]
[SourceTitle "CBM 205 Extra"]
[Source "ChessBase"]
[SourceDate "2022.01.31"]
[SourceVersion "1"]
[SourceVersionDate "2022.01.31"]
[SourceQuality "1"]

1. Nf3 Nf6 2. c4 c6 3. g3 d5 4. Bg2 Bg4 5. b3 e6 6. 0-0 Bd6 7. Bb2 Nbd7 8. d3 Qe7 9. Nbd2 h6 10. Qc2 0-0 11. Rfe1 e5 12. e3 a5 13. a3 Rfe8 14. Nh4 g5 15. Nhf3 e4 16. Nd4 Nc5 17. dxe4 dxe4 18. f3 exf3 19. Bxf3 Bxf3 20. Nf5 Qe6 21. Nxf3 Bf8 22. Re2 Qe4 23. Bxf6 Qxf3 24. Rf1 Qe4 25. Qd1 Qg4 26. h3 Qh5 27. g4 Qg6 28. Bd4 Ne4 29. Bb2 Rad8 30. Qc2 Kh7 31. Kg2 Qe6 32. Ng3 Kg8 33. Nh5 Be7 34. Ng7 Qg6 35. Nxe8 Rxe8 36. Rf5 Bd8 37. Qd3 Qe6 38. Re5 Qd6 39. Rxe8+ 1-0

[Event "BRA-ch 87th"]
[Site "Cuiaba"]
[Date "2021.10.31"]
[Round "6"]
[White "Quintiliano Pinto, Renato Rodrigues"]
[Black "Guimaraes, Diogo Duarte"]
[Result "1-0"]
[WhiteElo "2469"]
[BlackElo "2264"]
[PlyCount "73"]
[EventDate "2021.10.28"]
[EventType "swiss"]
[EventRounds "11"]
[EventCountry "BRA"]
[SourceTitle "CBM 205 Extra"]
[Source "ChessBase"]
[SourceDate "2022.01.31"]
[SourceVersion "1"]
[SourceVersionDate "2022.01.31"]
[SourceQuality "1"]

1. d4 d5 2. Nf3 Nf6 3. c4 c6 4. Nc3 e6 5. e3 Nbd7 6. Be2 Bd6 7. 0-0 0-0 8. b3 Ne4 9. Nxe4 dxe4 10. Nd2 f5 11. f3 Qh4 12. f4 c5 13. d5 e5 14. g3 Qe7 15. Bb2 Rf6 16. Rf2 Rg6 17. Kh1 Nf6 18. Rg2 Bd7 19. Qc2 h5 20. Rag1 Kf7 21. Qc3 exf4 22. gxf4 Ng4 23. Nf1 Rh8 24. Qe1 Rgh6 25. h3 R8h7 26. hxg4 hxg4+ 27. Rh2 g5 28. Rxh6 Rxh6+ 29. Kg2 gxf4 30. exf4 Bxf4 31. Bc1 Bxc1 32. Qxc1 Qh4 33. Qf4 Qh3+ 34. Kf2 Ra6 35. Qc7 Ke8 36. Ng3 Rxa2 37. Rh1 1-0

[Event "BRA-ch 87th"]
[Site "Cuiaba"]
[Date "2021.10.28"]
[Round "1"]
[White "Guimaraes, Diogo Duarte"]
[Black "Rodrigues Mota, Romulo Cardoso S"]
[Result "1-0"]
[WhiteElo "2264"]
[BlackElo "1759"]
[PlyCount "45"]
[EventDate "2021.10.28"]
[EventType "swiss"]
[EventRounds "11"]
[EventCountry "BRA"]
[SourceTitle "CBM 205 Extra"]
[Source "ChessBase"]
[SourceDate "2022.01.31"]
[SourceVersion "1"]
[SourceVersionDate "2022.01.31"]
[SourceQuality "1"]

1. e4 c5 2. Nf3 g6 3. d4 cxd4 4. Nxd4 Nf6 5. Nc3 Nc6 6. Bc4 Bg7 7. Nxc6 bxc6 8. e5 Ng8 9. Qf3 e6 10. Bf4 Qa5 11. 0-0-0 Bxe5 12. Ne4 f5 13. Bxe5 Qxe5 14. Nd6+ Ke7 15. Bxe6 Kf8 16. Rhe1 Qf6 17. Nxc8 Rxc8 18. Bxd7 Rb8 19. Qa3+ Kf7 20. Be6+ Kg7 21. Rd7+ Kh6 22. Qh3+ Kg5 23. f4+ 1-0

[Event "Sao Jose dos Campos op"]
[Site "Sao Jose dos Campos"]
[Date "2021.10.12"]
[Round "6"]
[White "Luz, Arthur Nader"]
[Black "Guimaraes, Diogo Duarte"]
[Result "0-1"]
[WhiteElo "2149"]
[BlackElo "2264"]
[PlyCount "44"]
[EventDate "2021.10.09"]
[EventType "swiss"]
[EventRounds "7"]
[EventCountry "BRA"]
[SourceTitle "CBM 204 Extra"]
[Source "ChessBase"]
[SourceDate "2021.11.30"]
[SourceVersion "1"]
[SourceVersionDate "2021.11.30"]
[SourceQuality "1"]

1. d4 Nf6 2. Nc3 g6 3. e4 c5 4. dxc5 Qa5 5. Bd2 Qxc5 6. Be3 Qa5 7. Qd2 Bg7 8. f3 0-0 9. g4 Nc6 10. h4 d5 11. exd5 Rd8 12. 0-0-0 Nxd5 13. Nxd5 Qxa2 14. Nxe7+ Kf8 15. Nxg6+ hxg6 16. Bc5+ Kg8 17. Qxd8+ Nxd8 18. Rxd8+ Kh7 19. b4 Bc3 20. Kd1 Qb1+ 21. Ke2 Qe1+ 22. Kd3 Qd2+ 0-1

[Event "Titled Tuesday intern op 01st June"]
[Site "Chess.com INT"]
[Date "2021.06.01"]
[Round "8"]
[White "Guimaraes, Diogo Duarte"]
[Black "Koganov, Mikhail"]
[Result "0-1"]
[WhiteElo "2248"]
[BlackElo "2119"]
[PlyCount "168"]
[EventDate "2021.06.01"]
[EventType "swiss (blitz)"]
[EventRounds "11"]
[EventCountry "USA"]
[SourceTitle "CBM 202 Extra"]
[Source "ChessBase"]
[SourceDate "2021.07.31"]
[SourceVersion "1"]
[SourceVersionDate "2021.07.31"]
[SourceQuality "1"]

1. e4 e5 2. Nf3 Nc6 3. Bc4 Bc5 4. c3 Nf6 5. d4 exd4 6. e5 d5 7. Be2 Ne4 8. cxd4 Bb4+ 9. Bd2 Nxd2 10. Nbxd2 0-0 11. 0-0 Bf5 12. a3 Be7 13. b4 Qd7 14. Rc1 Nd8 15. Nb3 c6 16. Re1 Ne6 17. Nc5 Nxc5 18. dxc5 Bg6 19. Nd4 Bg5 20. Rc3 Rae8 21. Bg4 Qc7 22. e6 f5 23. Bf3 Bf6 24. Rce3 Re7 25. b5 Rfe8 26. bxc6 bxc6 27. Qa4 Bxd4 28. Qxd4 h6 29. h4 Kh8 30. h5 Bh7 31. g3 Bg8 32. g4 f4 33. Re5 Rxe6 34. Rxe6 Rxe6 35. Rxe6 Bxe6 36. Be2 Kg8 37. Kg2 Qf7 38. Kf3 Bd7 39. Qxf4 Qxf4+ 40. Kxf4 Kf7 41. Ke5 Ke7 42. f4 Be8 43. g5 Bf7 44. gxh6 gxh6 45. f5 Be8 46. f6+ Kf8 47. Bg4 Kg8 48. Ke6 Kf8 49. Ke5 a5 50. Be2 Kf7 51. Bg4 Kf8 52. Bf5 Bxh5 53. Bd7 Be8 54. Bg4 h5 55. Bh3 h4 56. Bg4 Bf7 57. Bh3 d4 58. Kxd4 Bd5 59. Ke5 Kf7 60. Bg4 Bg2 61. Bh5+ Kf8 62. Bg4 h3 63. Bxh3 Bxh3 64. Kd6 Bg2 65. Kc7 Kf7 66. Kb6 a4 67. Ka5 Kxf6 68. Kxa4 Ke7 69. Ka5 Kd7 70. Kb6 Bf1 71. Kb7 Bb5 72. Kb6 Ke6 73. Ka5 Kd5 74. a4 Bxa4 75. Kxa4 Kxc5 76. Kb3 Kd4 77. Kc2 Kc4 78. Kb2 Kd3 79. Kb3 c5 80. Kb2 c4 81. Kc1 Kc3 82. Kb1 Kd2 83. Ka2 c3 84. Kb3 c2 0-1

[Event "Titled Tuesday intern op 01st June"]
[Site "Chess.com INT"]
[Date "2021.06.01"]
[Round "7"]
[White "Toniutti, Ezio"]
[Black "Guimaraes, Diogo Duarte"]
[Result "1-0"]
[WhiteElo "2293"]
[BlackElo "2248"]
[PlyCount "119"]
[EventDate "2021.06.01"]
[EventType "swiss (blitz)"]
[EventRounds "11"]
[EventCountry "USA"]
[SourceTitle "CBM 202 Extra"]
[Source "ChessBase"]
[SourceDate "2021.07.31"]
[SourceVersion "1"]
[SourceVersionDate "2021.07.31"]
[SourceQuality "1"]

1. d4 Nf6 2. c4 c6 3. Nc3 d5 4. e3 e6 5. Nf3 Nbd7 6. Bd3 Bd6 7. e4 dxe4 8. Nxe4 Nxe4 9. Bxe4 Nf6 10. Bc2 h6 11. 0-0 b6 12. b4 c5 13. Ba4+ Bd7 14. dxc5 bxc5 15. Qxd6 Bxa4 16. Qxc5 Qe7 17. Be3 Qxc5 18. Bxc5 Ne4 19. Be3 0-0 20. Rfc1 f5 21. g3 Rfd8 22. b5 a6 23. b6 Bc6 24. Ne5 Bb7 25. c5 Bd5 26. c6 Nd6 27. b7 Nxb7 28. cxb7 Bxb7 29. Rc7 Be4 30. Nc6 Rd6 31. Ne5 Rad8 32. f3 Rd5 33. fxe4 Rxe5 34. Bf4 Rxe4 35. Rac1 e5 36. Rc8 Rxc8 37. Rxc8+ Kh7 38. Bc1 Re2 39. a4 Ra2 40. Rc5 Rxa4 41. Rxe5 Ra1 42. Rc5 g5 43. Kg2 a5 44. Be3 Kg6 45. Rc6+ Kh5 46. Ra6 Ra2+ 47. Bf2 a4 48. Kf3 Ra3+ 49. Be3 f4 50. gxf4 g4+ 51. Ke4 g3 52. hxg3 Kg4 53. Rg6+ Kh3 54. g4 Kg2 55. Rxh6 Ra1 56. g5 a3 57. Ra6 a2 58. g6 Kh3 59. g7 Rg1 60. Rh6+ 1-0

[Event "Titled Tuesday intern op 18th May"]
[Site "Chess.com INT"]
[Date "2021.05.18"]
[Round "1"]
[White "Aditya, Mittal"]
[Black "Guimaraes, Diogo Duarte"]
[Result "1-0"]
[WhiteElo "2438"]
[BlackElo "2248"]
[PlyCount "41"]
[EventDate "2021.05.18"]
[EventType "swiss (blitz)"]
[EventRounds "11"]
[EventCountry "USA"]
[SourceTitle "CBM 202 Extra"]
[Source "ChessBase"]
[SourceDate "2021.07.31"]
[SourceVersion "1"]
[SourceVersionDate "2021.07.31"]
[SourceQuality "1"]

1. d4 f5 2. g3 Nf6 3. Bg2 c5 4. d5 e5 5. dxe6 dxe6 6. Qxd8+ Kxd8 7. Nc3 a6 8. Bf4 Nc6 9. 0-0-0+ Bd7 10. Bxc6 bxc6 11. Nf3 Nd5 12. Ne5 Ke8 13. Na4 Rd8 14. c4 Nxf4 15. gxf4 Bc8 16. Rxd8+ Kxd8 17. Nf7+ Ke8 18. Nxh8 g6 19. Rd1 Bg7 20. Nb6 Bb7 21. Rd7 1-0

[Event "Titled Tuesday intern op 04th May"]
[Site "Chess.com INT"]
[Date "2021.05.04"]
[Round "7"]
[White "Alahakoon, Isuru"]
[Black "Guimaraes, Diogo Duarte"]
[Result "0-1"]
[WhiteElo "2022"]
[BlackElo "2248"]
[PlyCount "74"]
[EventDate "2021.05.04"]
[EventType "swiss (blitz)"]
[EventRounds "11"]
[EventCountry "USA"]
[SourceTitle "CBM 202 Extra"]
[Source "ChessBase"]
[SourceDate "2021.07.31"]
[SourceVersion "1"]
[SourceVersionDate "2021.07.31"]
[SourceQuality "1"]

1. Nf3 d6 2. d4 Nf6 3. Nc3 g6 4. e4 Bg7 5. Bf4 0-0 6. Qd2 c5 7. dxc5 dxc5 8. 0-0-0 Qa5 9. e5 Nh5 10. Bh6 Nc6 11. Bxg7 Kxg7 12. h3 f5 13. Bc4 Rd8 14. Qg5 h6 15. Qh4 Rxd1+ 16. Rxd1 Qc7 17. Nd5 Qb8 18. Nxe7 Nxe5 19. Nxe5 Qxe5 20. Nd5 Be6 21. f4 Qd6 22. Ne3 Qxf4 23. Qe1 Bxc4 24. Rd7+ Kg8 25. Qc3 Re8 26. Qg7+ Nxg7 27. Rxg7+ Kxg7 28. Kd2 Kf6 29. Kc3 Qxe3+ 30. Kxc4 Qe4+ 31. Kxc5 Qd4+ 32. Kb5 Re2 33. c3 Qd6 34. Kc4 Qb6 35. Kd3 Rxb2 36. c4 Rxa2 37. c5 Qb3+ 0-1

[Event "Titled Tuesday intern op 04th May"]
[Site "Chess.com INT"]
[Date "2021.05.04"]
[Round "3"]
[White "Guimaraes, Diogo Duarte"]
[Black "Lonoff, Marc J"]
[Result "1-0"]
[WhiteElo "2248"]
[BlackElo "2122"]
[PlyCount "41"]
[EventDate "2021.05.04"]
[EventType "swiss (blitz)"]
[EventRounds "11"]
[EventCountry "USA"]
[SourceTitle "CBM 202 Extra"]
[Source "ChessBase"]
[SourceDate "2021.07.31"]
[SourceVersion "1"]
[SourceVersionDate "2021.07.31"]
[SourceQuality "1"]

1. e4 e6 2. d3 d5 3. Nd2 Nf6 4. g3 dxe4 5. dxe4 e5 6. Ngf3 Nc6 7. Bg2 Bc5 8. c3 Bg4 9. Qe2 Qd7 10. h3 Bh5 11. a4 a5 12. Qb5 b6 13. Nb3 0-0 14. Nxc5 bxc5 15. Qxc5 Nxe4 16. Qe3 f5 17. g4 Rad8 18. 0-0 fxg4 19. hxg4 Qxg4 20. Nh2 Qh4 21. Qxe4 1-0

[Event "Titled Tuesday intern op 27th Apr"]
[Site "Chess.com INT"]
[Date "2021.04.27"]
[Round "3"]
[White "Guimaraes, Diogo Duarte"]
[Black "Gokerkan, Cem Kaan"]
[Result "0-1"]
[WhiteElo "2248"]
[BlackElo "2470"]
[PlyCount "53"]
[EventDate "2021.04.27"]
[EventType "swiss (blitz)"]
[EventRounds "11"]
[EventCountry "USA"]
[SourceTitle "CBM 202 Extra"]
[Source "ChessBase"]
[SourceDate "2021.07.31"]
[SourceVersion "1"]
[SourceVersionDate "2021.07.31"]
[SourceQuality "1"]

1. e4 c5 2. Nf3 d6 3. Bb5+ Nd7 4. c3 a6 5. Ba4 Ngf6 6. d3 b5 7. Bc2 Bb7 8. 0-0 e6 9. Re1 Be7 10. a4 0-0 11. Na3 Qb6 12. Be3 Rfc8 13. h3 Bc6 14. b4 Qb7 15. bxc5 dxc5 16. axb5 axb5 17. Bb3 c4 18. dxc4 Rxa3 19. Rxa3 Bxa3 20. cxb5 Bxe4 21. Nd4 Bxg2 22. f3 Bxh3 23. Kh2 Bf5 24. Nxf5 exf5 25. c4 Ne5 26. Kg3 Bb4 27. Bd2 0-1

[Event "Titled Tuesday intern op 27th Apr"]
[Site "Chess.com INT"]
[Date "2021.04.27"]
[Round "8"]
[White "Guimaraes, Diogo Duarte"]
[Black "Villegas, Pierre"]
[Result "0-1"]
[WhiteElo "2248"]
[BlackElo "2367"]
[PlyCount "54"]
[EventDate "2021.04.27"]
[EventType "swiss (blitz)"]
[EventRounds "11"]
[EventCountry "USA"]
[SourceTitle "CBM 202 Extra"]
[Source "ChessBase"]
[SourceDate "2021.07.31"]
[SourceVersion "1"]
[SourceVersionDate "2021.07.31"]
[SourceQuality "1"]

1. e4 c6 2. Bc4 d5 3. Bb3 dxe4 4. Qh5 g6 5. Qh4 Bf5 6. f3 exf3 7. Nxf3 e6 8. Qxd8+ Kxd8 9. 0-0 Ke8 10. d4 Nd7 11. Nc3 Ngf6 12. h3 h5 13. Bf4 Be7 14. Rae1 Kf8 15. Ne5 Kg7 16. Bg5 Nxe5 17. dxe5 Nd5 18. Bxe7 Nxe7 19. Ne4 Bxe4 20. Rxe4 Rad8 21. Ref4 Rhf8 22. Kh2 Nf5 23. Rb4 Rd7 24. g4 hxg4 25. hxg4 Rd2+ 26. Kg1 Ne3 27. Rf3 Rg2+ 0-1